[Event "Vukovar Srijem CupT 6th"]
[Site "Tompojevci"]
[Date "2013.03.09"]
[Round "3.3"]
[White "Grubisic, Ivica"]
[Black "Kukolj, Drago"]
[Result "1-0"]
[WhiteElo "1893"]
[BlackElo "1745"]
[PlyCount "77"]
[EventDate "2013.03.08"]
[EventType "team-swiss"]
[EventRounds "5"]
[EventCountry "CRO"]
[SourceTitle "EXT 2014"]
[Source "ChessBase"]
[SourceDate "2013.11.20"]
[SourceVersion "1"]
[SourceVersionDate "2013.11.20"]
[SourceQuality "1"]
[WhiteTeam "Komletinci"]
[BlackTeam "Jankovci"]
[WhiteTeamCountry "CRO"]
[BlackTeamCountry "CRO"]

1. e4 e5 2. Nc3 Nf6 3. g3 Nc6 4. Bg2 d6 5. Nge2 Be7 6. 0-0 Bg4 7. d3 Nd4 8. f3 Nxe2+ 9. Qxe2 Bd7 10. Bd2 c6 11. b3 0-0 12. Rad1 h6 13. h3 Nh7 14. f4 exf4 15. gxf4 f5 16. Rde1 Bh4 17. Rd1 Qc7 18. Qh5 Qd8 19. Kh2 Be7 20. Rg1 Qe8 21. Qe2 Nf6 22. Bf3 Kh8 23. Rg3 Rg8 24. Rdg1 Qf7 25. e5 Nd5 26. Bh5 g6 27. Bxg6 Qf8 28. Nxd5 cxd5 29. e6 Be8 30. Qh5 Bf6 31. Bf7 Rxg3 32. Rxg3 Bg7 33. Qxf5 Bc6 34. Qg6 Be8 35. Rg4 Rc8 36. c4 dxc4 37. dxc4 d5 38. Bb4 Bxf7 39. exf7 1-0